000 02518nam0a2200409 4500
001 RU\NLR\bibl\1766652
005 20260405233220.0
010 _a978-5-09-020675-4
_95000
021 _aRU
_b2011-27127
_91926
035 _a(nilc)IZD\Prosv\2007\01-0507-01
035 _a(NLR Aleph) 001757447
090 _a1557198
_c1557198
100 _a20110812d2011 |||y0rusy50 ca
101 0 _arus
102 _aRU
105 _aa |||||||||
200 1 _aЯ рисую мир
_iКосмос
_eпособие для детей 4-7 лет
_fО.В. Мельникова, В.А. Гремячинская
210 _aМосква
_cПросвещение
_d2011
215 _a16 с., [2] л. ил.
_cил., цв. ил.
_d20
225 1 _aВолшебная мастерская
330 _aВ пособии представлены нетрадиционные техники рисования, которые может освоить даже трёхлетний ребёнок. Все этапы создания рисунка подробно объяснены и проиллюстрированы цветными рисунками и фотографиями. Следуя им, дошкольник может получить необычный и красивый рисунок даже при очень слабом владении специальными художественными умениями. Пособие может быть использовано для занятий с ребёнком 4=7 лет как дома, так и в детском саду.
606 1 _aДошкольники
_jРуководства, пособия и т.п.
_xОбучение рисованию
_9888265
_3RU\NLR\auth\66486
686 _a041
_aДошкольное воспитание. Дошкольная педагогика
_2TCC-BG
686 _a74.100.551.2
_vLBC/RL
_2rubbk
686 _a74.900.55
_vLBC/RL
_2rubbk
686 _aЧ411.355.82я7
700 1 _4070
_7ca
_8rus
_aМельникова
_bО. В.
_cканд. пед. наук
_gОльга Викторовна
_989884
_3RU\NLR\auth\77106959
701 1 _aГремячинская
_bВ. А.
_gВиктория Александровна
_4070
801 0 _aRU
_bЛИБНЕТ
_c20110812
_gRCR
801 1 _aRU
_bЛИБНЕТ
_c20110812
801 2 _aRU
_bБелгородская ГУНБ
_c20110926
801 2 _aRU
_bNLR
_c20110505
_grcr
830 _aCODE_OF_LIBNET\000060683
942 _cBOOK
980 _aNB
980 _aNBR